000
00235nam a2200097Ia 4500
001
1208262
005
20250827022842.0
008
250824s9999 xx 000 0 und d
245
0
_a
MAKALELER
_c
MUHAMMED İKBAL
260
_b
HECE YAYINLARI
999
_c
1208262
_d
1208262